UFC Main Event PPV - Statistics

General Stats
  • This quiz has been taken 184 times
    172 since last reset
  • The average score is 37 of 255
Answer Stats
Hint Answer % Correct
UFC 286 Edwards vs Usman 3
54%
UFC 281 Adesanya vs Pereira
49%
UFC 182 Jones vs Cormier
46%
UFC 196 McGregor vs Diaz
42%
UFC 229 Khabib vs McGregor
41%
UFC 243 Whittaker vs Adesanya
41%
UFC 194 Aldo vs McGregor
39%
UFC 284 Makhachev vs Volkanovski
38%
UFC 280 Oliveira vs Makhachev
37%
UFC 245 Usman vs Covington
37%
UFC 205 Alvarez vs McGregor
36%
UFC 214 Cormier vs Jones 2
36%
UFC 278 Usman vs Edwards 2
35%
UFC 257 Poirier vs McGregor 2
34%
UFC 276 Adesanya vs Cannonier
33%
UFC 253 Adesanya vs Costa
33%
UFC 271 Adesanya vs Whittaker 2
33%
UFC 202 Diaz vs McGregor 2
33%
UFC 264 Poirier vs McGregor 3
33%
UFC 274 Oliveira vs Gaethje
32%
UFC 269 Oliveira vs Poirier
32%
UFC 251 Usman vs Masvidal
32%
UFC 248 Adesanya vs Romero
31%
UFC 212 Aldo vs Holloway
31%
UFC 242 Khabib vs Poirier
31%
UFC 282 Blachowicz vs Ankalaev
30%
UFC 226 Miocic vs Cormier
30%
UFC 140 Jones vs Machida
29%
UFC 247 Jones vs Reyes
29%
UFC 254 Khabib vs Gaethje
29%
UFC 220 | UFC 260 Miocic vs Ngannou
29%
UFC 128 Rua vs Jones
29%
UFC 283 Teixeira vs Hill
29%
UFC 275 Teixeira vs Prochazka
29%
UFC 268 Usman vs Covington 2
29%
UFC 279 Diaz vs Ferguson
28%
UFC 235 Jones vs Smith
28%
UFC 262 Oliveira vs Chandler
28%
UFC 258 Usman vs Burns
28%
UFC 217 Bisping vs St-Pierre
27%
UFC 246 McGregor vs Cerrone
27%
UFC 162 Silva vs Weidman
27%
UFC 200 Tate vs Nunes
26%
UFC 259 Blachowicz vs Adesanya
25%
UFC 241 Cormier vs Miocic 2
25%
UFC 152 Jones vs Belfort
25%
UFC 165 Jones vs Gustafsson
25%
UFC 135 Jones vs Jackson
25%
UFC 239 Jones vs Santos
25%
UFC 270 Ngannou vs Gane
25%
UFC 261 Usman vs Masvidal 2
25%
UFC 266 Volkanovski vs Ortega
25%
UFC 249 Ferguson vs Gaethje
24%
UFC 252 Miocic vs Cormier 3
24%
UFC 69 Serra vs St.Pierre
24%
UFC 218 Holloway vs Aldo 2
23%
UFC 232 Jones vs Gustafsson 2
22%
UFC 47 Liddell vs Ortiz
22%
UFC 244 Masvidal vs Diaz
22%
UFC 189 Mendes vs McGregor
22%
UFC 207 Nunes vs Rousey
22%
UFC 199 Rockhold vs Bisping 2
22%
UFC 193 Rousey vs Holm
22%
UFC 83 Serra vs St-Pierre 2
22%
UFC 168 Weidman vs Silva 2
22%
UFC 234 Adesanya vs Silva
21%
UFC 263 Adesanya vs Vettori 2
21%
UFC 267 Blachowicz vs Teixeira
21%
UFC 223 Khabib vs Iaquinta
21%
UFC 213 Romero vs Whittaker
21%
UFC 117 Silva vs Sonnen
21%
UFC 65 St.Pierre vs Hughes
21%
UFC 198 Werdum vs Miocic
21%
UFC 272 Covington vs Masvidal
20%
UFC 231 Holloway vs Ortega
20%
UFC 145 Jones vs Evans
20%
UFC 159 Jones vs Sonnen
20%
UFC 148 Silva vs Sonnen 2
20%
UFC 167 St-Pierre vs Hendricks
20%
UFC 228 Woodley vs Till
20%
UFC 256 Figueiredo vs Moreno
19%
UFC 201 Lawler vs Woodley
19%
UFC 225 Whittaker vs Romero 2
19%
UFC 142 Aldo vs Mendes
18%
UFC 230 Cormier vs Lewis
18%
UFC 216 Ferguson vs Lee
18%
UFC 172 Jones vs Teixeira
18%
UFC 158 St-Pierre vs Diaz
18%
UFC 204 Bisping vs Henderson
17%
UFC 91 Couture vs Lesnar
17%
UFC 240 Holloway vs Edgar
17%
UFC 187 Johnson vs Cormier
17%
UFC 203 Miocic vs Overeem
17%
UFC 209 Woodley vs Thompson 2
17%
UFC 192 Cormier vs Gustafsson
16%
UFC 210 Cormier vs Johnson 2
16%
UFC 227 Dillashaw vs Garbrandt 2
16%
UFC 171 Hendricks vs Lawler
16%
UFC 265 Lewis vs Gane
16%
UFC 277 Pena vs Nunes 2
16%
UFC 185 Pettis vs Dos Anjos
16%
UFC 79 St.Pierre vs Hughes 2
16%
UFC 273 Volkanovski vs Korean Zombie
16%
UFC 132 Cruz vs Faber
15%
UFC 206 Holloway vs Pettis
15%
UFC 116 Lesnar vs Carwin
15%
UFC 126 Silva vs Belfort
15%
UFC 114 Jackson vs Evans
14%
UFC 104 Machida vs Rua
14%
UFC 64 | UFC 77 | UFC 99 Silva vs Franklin
14%
UFC 238 Cejudo vs Moraes
13%
UFC 155 Dos Santos vs Velasquez 2
13%
UFC 285 Jones vs Ngannou
13%
UFC 197 Jones vs Saint Preux
13%
UFC 195 Lawler vs Condit
13%
UFC 66 Liddell vs Ortiz 2
13%
UFC 188 Velasquez vs Werdum
13%
UFC 156 Aldo vs Edgar
12%
UFC 173 Barao vs Dillashaw
12%
UFC 43 Couture vs Liddell
12%
UFC 125 Edgar vs Maynard
12%
UFC 71 Jackson vs Liddell
12%
UFC 121 Lesnar vs Velasquez
12%
UFC 221 Romero vs Rockhold
12%
UFC 144 Edgar vs Henderson
11%
UFC 92 Evans vs Griffin
11%
UFC 181 Hendricks vs Lawler 2
11%
UFC 236 Holloway vs Poirier 2
11%
UFC 63 Hughes vs Penn
11%
UFC 86 Jackson vs Griffin
11%
UFC 250 Nunes vs Spencer
11%
UFC 40 Ortiz vs Shamrock
11%
UFC 183 Silva vs Diaz
11%
UFC 154 St-Pierre vs Condit
11%
UFC 179 Aldo vs Mendes 2
10%
UFC 44 Couture vs Ortiz
10%
UFC 136 Edgar vs Maynard 3
10%
UFC 118 Edgar vs Penn 2
10%
UFC 255 Figueiredo vs Perez
10%
UFC 208 Holm vs de Randamie
10%
UFC 141 Lesnar vs Overeem
10%
UFC 211 Miocic vs Dos Santos
10%
UFC 237 Namajunas vs Andrade
10%
UFC 224 Nunes vs Pennington
10%
UFC 134 Silva vs Okami
10%
UFC 94 St. Pierre vs Penn 2
10%
UFC 129 St-Pierre vs Shields
10%
UFC 175 Weidman vs Machida
10%
UFC 163 Aldo vs Korean Zombie
9%
UFC 46 Belfort vs Couture
9%
UFC 49 Couture vs Belfort
9%
UFC 113 Machida vs Rua 2
9%
UFC 215 Nunes vs Shevchenko 2
9%
UFC 112 Silva vs Maia
9%
UFC 166 Velasquez vs Dos Santos 3
9%
UFC 180 Werdum vs Hunt
9%
UFC 143 Diaz vs Condit
8%
UFC 98 Evans vs Machida
8%
UFC 184 Rousey vs Zingano
8%
UFC 97 Silva vs Leites
8%
UFC 38 Hughes vs Newton
7%
UFC 191 Johnson vs Dodson 2
7%
UFC 35 Penn vs Pulver
7%
UFC 84 Penn vs Sherk
7%
UFC 153 Silva vs Bonnar
7%
UFC 82 Silva vs Henderson
7%
UFC 124 St. Pierre vs Koscheck 2
7%
UFC 59 Sylvia vs Arlovski
7%
UFC 169 Barao vs Faber 2
6%
UFC 68 Couture vs Sylvia
6%
UFC 219 Cyborg vs Holm
6%
UFC 222 Cyborg vs Kunitskaya
6%
UFC 177 Dillashaw vs Soto
6%
UFC 164 Henderson vs Pettis 2
6%
UFC 186 Johnson vs Horiguchi
6%
UFC 52 Liddell vs Couture 2
6%
UFC 107 Penn vs Sanchez
6%
UFC 157 Rousey vs Carmouche
6%
UFC 170 Rousey vs McMann
6%
UFC 90 Silva vs Cote
6%
UFC 147 Silva vs Franklin 2
6%
UFC 87 St.Pierre vs Fitch
6%
UFC 111 St. Pierre vs Hardy
6%
UFC 36 Barnett vs Couture
5%
UFC 88 Evans vs Liddell
5%
UFC 149 Faber vs Barao
5%
UFC 45 Hughes vs Trigg
5%
UFC 115 Liddell vs Franklin
5%
UFC 101 Penn vs Florian
5%
UFC 190 Rousey vs Correia
5%
UFC 56 Franklin vs Quarry
4%
UFC 150 Henderson vs Edgar 2
4%
UFC 174 Johnson vs Bagautinov
4%
UFC 178 Johnson vs Cariaso
4%
UFC 54 Liddell vs Horn
4%
UFC 51 Ortiz vs Belfort
4%
UFC 61 Sylvia vs Arlovski 2
4%
UFC 74 Couture vs Gonzaga
3%
UFC 131 Dos Santos vs Carwin
3%
UFC 146 Dos Santos vs Mir
3%
UFC 130 Jackson vs Hamill
3%
UFC 75 Jackson vs Henderson
3%
UFC 123 Jackson vs Machida
3%
UFC 81 Nogueira vs Sylvia
3%
UFC 110 Nogueira vs Velasquez
3%
UFC 106 Ortiz vs Griffin 2
3%
UFC 127 Penn vs Fitch
3%
UFC 80 Penn vs Stevenson
3%
UFC 39 Rodriguez vs Couture
3%
UFC 139 Rua vs Henderson
3%
UFC 85 Alves vs Hughes
2%
UFC 89 Bisping vs Leben
2%
UFC 37 Bustamante vs Lindland
2%
UFC 151 | UFC 176 | UFC 70 Canceled
2%
UFC 109 Couture vs Coleman
2%
UFC 102 Couture vs Nogueira
2%
UFC 31 Couture vs Rizzo
2%
UFC 34 Couture vs Rizzo 2
2%
UFC 78 Evans vs Bisping
2%
UFC 161 Evans vs Henderson
2%
UFC 133 Evans vs Ortiz 2
2%
UFC 103 Franklin vs Belfort
2%
UFC 58 Franklin vs Loiseau
2%
UFC 72 Franklin vs Okami
2%
UFC 60 Hughes vs Gracie
2%
UFC 42 Hughes vs Sherk
2%
UFC 138 Leben vs Munoz
2%
UFC 57 Liddell vs Couture 3
2%
UFC 62 Liddell vs Sobral
2%
UFC 119 Mir vs Cro Cop
2%
UFC 50 Ortiz vs Cote
2%
UFC 30 Ortiz vs Tanner
2%
UFC 137 Penn vs Diaz
2%
UFC 41 Sylvia vs Rodriguez
2%
UFC 160 Velasquez vs Silva 2
2%
UFC 53 Arlovski vs Eilers
1%
UFC 120 Bisping vs Akiyama
1%
UFC 105 Couture vs Vera
1%
UFC 108 Evans vs. Silva
1%
UFC 73 Florian vs Robinson
1%
UFC 93 Franklin vs Henderson
1%
UFC 96 Jackson vs Jardine
1%
UFC 76 Jardine vs Liddell
1%
UFC 122 Marquardt vs Okami
1%
UFC 33 Ortiz vs Matyushenko
1%
UFC 95 Sanchez vs Stevenson
1%
UFC 48 Shamrock vs Leopoldo
1%
UFC 67 Silva vs Lutter
1%
UFC 55 Arlovski vs Buntello
0%
UFC 32 Ortiz vs Sinsonic
0%
No matching quizzes found
Score Distribution
Percent of People with Each Score
Percentile by Number Answered
Your Score History
You have not taken this quiz since the last reset